Abnormal psychology: clinical perspectives on psychological disorders

Guardat en:
Dades bibliogràfiques
Autor principal: WHITBOURNE, Susan Krauss
Format: Llibre
Idioma:anglès
Publicat: McGraw Hill Education 2017
Etiquetes: Afegir etiqueta
Sense etiquetes, Sigues el primer a etiquetar aquest registre!

MARC

LEADER 00000nam a22000007a 4500
008 201210b ||||| |||| 00| 0 eng d
020 |a : 978-1259253867  
100 |a WHITBOURNE, Susan Krauss. 
245 |a Abnormal psychology:   |b clinical perspectives on psychological disorders  |c Susan Krauss Whitboune  |g xx; 407p. 
250 |b 8th ed. 
260 |b McGraw Hill Education  |c 2017  |d Book  |h New York  |i 690948  |l RC454.W58  |m  Psychology; Pathological.   |m  Mental illness. 
942 |a lcc  |c BK  |e Adekanye I.H  |f 10/12/2020 
952 |0 0  |1 0  |2 lcc  |4 0  |6 RC0454 W58  |7 0  |9 287  |a HOL  |b HOL  |c QZ  |d 2020-12-10  |l 0  |o RC454.W58  |p 2020-2025  |r 2020-12-10 00:00:00  |w 2020-12-10  |y BK 
999 |c 117  |d 117